IFM Opac

The national income of western samoa (Record no. 18232)

MARC details
000 -LEADER
fixed length control field 00332nam a22001337a 4500
020 ## - INTERNATIONAL STANDARD BOOK NUMBER
International Standard Book Number 0195503899
082 ## - DEWEY DECIMAL CLASSIFICATION NUMBER
Classification number 333.39614FAI
100 ## - MAIN ENTRY--PERSONAL NAME
Personal name Fairbairn ian j
245 ## - TITLE STATEMENT
Title The national income of western samoa
260 ## - PUBLICATION, DISTRIBUTION, ETC.
Place of publication, distribution, etc. New york
Name of publisher, distributor, etc. Oxford university
Date of publication, distribution, etc. 1973
300 ## - PHYSICAL DESCRIPTION
Extent xx,215p
Other physical details ill;map,tables,22cm
500 ## - GENERAL NOTE
General note index
942 ## - ADDED ENTRY ELEMENTS (KOHA)
Koha item type Books
Holdings
Withdrawn status Lost status Source of classification or shelving scheme Damaged status Not for loan Collection code Home library Current library Shelving location Date acquired Full call number Barcode Date last seen Price effective from Koha item type
    Dewey Decimal Classification     Non-fiction IFM Main Campus Library IFM Main Campus Library   08/14/2017 333.39614FAI 0000008591 08/14/2017 08/14/2017 Books